Logo BPK

Biblioteka

Politechniki Koszalińskiej

Wskazówki metodyczne do projektowania systemu zarządzania przedsiębiorstwem budowlano-montażowym / (Rekord nr 18251)

Szczegóły MARC
000 -ETYKIETA REKORDU
podpole kontrolne o stałej długości 00474nam a2200157 i 4500
001 - NUMER KONTROLNY REKORDU
pole kontrolne bg
040 ## - ŹRÓDŁO KATALOGOWANIA
Instytucja, która utworzyła rekord BPK
041 ## - KOD JĘZYKA
Kod języka tekstu pol
080 ## - UNIWERSALNA KLASYFIKACJA DZIESIĘTNA - UKD
UKD 658:69.015
008 - POLE O STAŁEJ DŁUGOŚCI - DANE KONTROLNE
podpole kontrolne o stałej długości s pl f |000 0 pol
100 1# - NAZWA OSOBOWA
Nazwa osobowa DZIEWOLSKI, Ludwik
245 #0 - TYTUŁ/ODPOWIEDZIALNOŚĆ
Tytuł Wskazówki metodyczne do projektowania systemu zarządzania przedsiębiorstwem budowlano-montażowym /
Pozostałe elementy strefy tytułu i oznaczenia odpowiedzialności Ludwik Dziewolski, Marian Ziółkowski.
260 ## - STREFA ADRESU WYDAWNICZEGO
Miejsce wydania Warszawa,
Data publikacji, dystrybucji/powstania dokumentu 1977.
700 1# - HASŁO DODATKOWE - NAZWA OSOBOWA
Nazwa osobowa ZIÓŁKOWSKI, Marian
856 ## - LOKALIZACJA I DOSTĘP DO ELEKTRONICZNYCH DOKUMENTÓW ZDALNYCH
Link (URL) http://koha.tu.koszalin.pl/cgi-bin/koha/opac-detail.pl?biblionumber=18251
Tekst linku Katalog online BPK
942 ## - DODATKOWE ELEMENTY (KOHA)
Typ dokumentu Książka
Egzemplarze
Wycofany Status egzemplarza Uszkodzony Dostępność Lokalizacja stała Lokalizacja bieżąca Miejsce przechowywania Sygnatura Kod kreskowy Typ dokumentu
      Dostępny Biblioteka Politechniki Koszalińskiej Biblioteka Politechniki Koszalińskiej Wypożyczalnia BG 24169 01661460 Książka
      Dostępny Biblioteka Politechniki Koszalińskiej Biblioteka Politechniki Koszalińskiej Wypożyczalnia BG 24170 01661477 Książka
© 2023 Biblioteka Politechniki Koszalińskiej :: KOHA